ბათუმის შოთა რუსთაველის სახელმწიფო უნივერსიტეტის ბიბლიოთეკა

Справочник по допускам ипосадкам. (ბიბ.ჩანაწერი № 47833)

000 -LEADER
fixed length control field 00681nam a2200217Ia 4500
001 - CONTROL NUMBER
control field 14707
003 - CONTROL NUMBER IDENTIFIER
control field GE_BSU
008 - FIXED-LENGTH DATA ELEMENTS--GENERAL INFORMATION
fixed length control field 181216s||||||||xx |||||||||||||| ||und||
040 ## - CATALOGING SOURCE
Transcribing agency GE_BSU
080 ## - UNIVERSAL DECIMAL CLASSIFICATION NUMBER
Universal Decimal Classification number 621.753.21(035.3)
100 ## - MAIN ENTRY--PERSONAL NAME
Personal name Селютин,А.М. Беспальчикова,Т.А.
245 ## - TITLE STATEMENT
Title Справочник по допускам ипосадкам.
245 ## - TITLE STATEMENT
Statement of responsibility, etc. Ред. А.Н.Бойцов.
250 ## - EDITION STATEMENT
Edition statement Изд. 2-е, перераб. и допол.
260 ## - PUBLICATION, DISTRIBUTION, ETC.
Place of publication, distribution, etc. М.
260 ## - PUBLICATION, DISTRIBUTION, ETC.
Name of publisher, distributor, etc. Машиностроение.
260 ## - PUBLICATION, DISTRIBUTION, ETC.
Date of publication, distribution, etc. 1966.
300 ## - PHYSICAL DESCRIPTION
Extent 298 стр. 17 см.
653 ## - INDEX TERM--UNCONTROLLED
Uncontrolled term Справочник по допускам ипосадкам.
942 ## - ADDED ENTRY ELEMENTS (KOHA)
Koha item type წიგნი
ეგზემპლარები
Withdrawn status Lost status Damaged status Not for loan Date acquired Barcode Date last seen Price effective from Koha item type
        2018-12-17 10287 2018-12-17 2018-12-17 წიგნი